| 000 | 01137nam a22002537a 4500 | ||
|---|---|---|---|
| 001 | BD-DhSAU 9360 | ||
| 003 | BD-DhSAU | ||
| 005 | 20181211154759.0 | ||
| 008 | 150612b2006 bg a||||r|||| 000 0 eng d | ||
| 040 | _aBD-DhSAU | ||
| 082 |
_222 _a630.715 _bM735 |
||
| 100 |
_aMollah, Md. Miraz _eRegistration No. # 23944/00186 |
||
| 245 |
_aCommunication exposure of the farmers in relation to rice production technologies / _bMS thesis _cby Md. Miraz Mollah. |
||
| 260 |
_aSher-e- Bangla Agricultural University : _bDepartment of Agricultural Extension and Information System, _c2006. |
||
| 300 |
_aviii, 75 p. : _bill. , _c30 cm. |
||
| 500 | _aMS thesis of Department of Agricultural Extension and Information System, Faculty of Agriculture, Sher-e-Bangla Agricultural University, Dhaka, Bangladesh | ||
| 590 | _ajoy | ||
| 650 | _aAgricultural Extension and Information System | ||
| 650 |
_aCommunication exposure _xfarmers |
||
| 700 |
_aIslam, Md. Rafiquel _eSupervisor |
||
| 700 |
_aUlla, Md. Shadat _eCo-Supervisor |
||
| 856 | _uhttp://archive.saulibrary.edu.bd:8080/xmlui/handle/123456789/1546 | ||
| 942 |
_2ddc _cTHESIS |
||
| 999 |
_c9360 _d9360 |
||